| 000 | 01098cam a2200229 a 4500 | ||
|---|---|---|---|
| 020 | _a0784401241 | ||
| 082 | 0 | 0 |
_a624.1762 _bEAR _cL-39, P-188 |
| 245 | 0 | 0 |
_aEarthquake-induced movements and seismic remediation of existing foundations and abutments : _bproceedings of sessions sponsored by the Soil Dynamics Committee of the Geotechnical Engineering Division of the American Society of Civil Engineers in conjunction with the ASCE Convention in San Diego, California, October 23-27, 1995 / _cedited by Steve Kramer and Raj Siddharthan. |
| 260 |
_aNew York, N.Y. : _bThe Society, _cc1995. |
||
| 300 |
_avii, 139 p. ; _bill., maps ; _c22 cm. |
||
| 526 |
_a0 _b0 _c0 _d624_176200000000000_EAR |
||
| 650 | 0 |
_aBridges _xAbutments _946765 |
|
| 650 | 0 |
_aBridges _xEarthquake effects _946766 |
|
| 650 | 0 |
_aBridges _xFoundations and piers _921593 |
|
| 650 | 0 |
_aMCE _9379 |
|
| 650 | 0 | _aSoil dynamics | |
| 650 | 0 | _aSoil structure interaction | |
| 700 | 1 |
_aKramer, Steven Lawrence. _936294 |
|
| 700 | 1 |
_aSiddharthan, Rajaratnam, _946767 |
|
| 710 | 2 |
_aAmerican Society of Civil Engineers. _9702 |
|
| 942 |
_2ddc _cBK |
||
| 999 |
_c549999 _d549999 |
||